Score 0/28 Timer 08:00
3 Plays Today
Word #1 Anagrams % Correct
A unit of area measuring 4,840 square yardsACRE CARE
88.3%
Having the freedom and opportunity to do somethingABLE BALE
84.7%
Stops livingDIES IDES
82.2%
An object in space made of burning gasSTAR TSAR
76.3%
Of or relating to the moonLUNAR ULNAR
75.7%
To pierce or wound with something pointedGORE OGRE
74.9%
To change a piece of clothing to make it fit betterALTER LATER
72%
Taking legal proceedings to courtSUING USING
68.7%
To get up from sleep or after lying downARISE RAISE
66.4%
A choice or possibility among two or more thingsOPTION POTION
65%
Morally badEVIL VEIL
63.6%
Moving in a curving pathARCING RACING
61.9%
In the middle of somethingAMID MAID
61.5%
The height of something above sea levelALTITUDE LATITUDE
60.7%
Word #1 Anagrams % Correct
To take or keep in custody by authority of the lawARREST RAREST
60.5%
To produce a design in metal or glass with acidETCH TECH
58.4%
At all timesEVER VEER
54.3%
A situation in which each side has a score of 40 in tennisDEUCE EDUCE
49.5%
More than enoughAMPLE MAPLE
46.9%
A rooflike cover extending over a door to act as a shelterAWNING WANING
41.5%
Kind of energy, family, or powerNUCLEAR UNCLEAR
37.7%
Roman poet who lived during the reign of AugustusOVID VOID
37.1%
An engagement or performanceACTION CATION
33.9%
Energy and enthusiasm√ČLAN LEAN
26.9%
Not wisely or wellILLY LILY
22.3%
To treat someone like a god or goddessDEIFY EDIFY
15.8%
Not working or happening in the expected wayAWRY WARY
15.1%
Of or relating to the sense of smellOSMATIC SOMATIC
3.2%
Remove Ads.
Support Sporcle.
Get the best of Sporcle when you Go Orange. This ad-free experience offers more features, more stats, and more fun while also helping to support Sporcle. Thank you for becoming a member.

You're not logged in!

Compare scores with friends on all Sporcle quizzes.
OR
Log In

Show Comments

Extras

Top Quizzes Today


Score Distribution

Your Account Isn't Verified!

In order to create a playlist on Sporcle, you need to verify the email address you used during registration. Go to your Sporcle Settings to finish the process.

Report this User

Report this user for behavior that violates our Community Guidelines.

Details: